| 000 | 00533nam a2200217Ia 4500 | ||
|---|---|---|---|
| 999 |
_c6523 _d6523 |
||
| 003 | 0100 | ||
| 008 | 130227s9999 xx 000 0 und d | ||
| 040 | _cARRUPELIB | ||
| 050 | _aGV1713.Z55W45 1997 | ||
| 100 |
_aAsante, Kariamu Welsh _938664 |
||
| 245 |
_aZimbabwe dance: _brhythmic forces, ancestral voices- an aesthetic analysis / |
||
| 260 |
_aNew Jersey _bAfrica World Press _c1997 |
||
| 300 | _a140p. | ||
| 300 | _b 22cm. | ||
| 650 |
_aFolk dancing _zZimbabwe _923109 |
||
| 650 |
_aShona (African people) _xSocial life and customs _zZimbabwe _938665 |
||
| 650 |
_aNdebele (African people) _xSocial life and customs _zZimbabwe _938666 |
||
| 650 |
_aZimbabwe _xSocial life and customs _928386 |
||
| 942 |
_2lcc _cMONOGRAPH |
||